[Event "Margate Thanet op"]
[Site "Margate"]
[Date "2008.08.17"]
[Round "5"]
[White "Tucker, David Sidney"]
[Black "Bobula, Kazimierz"]
[Result "1-0"]
[WhiteElo "2117"]
[BlackElo "1943"]
[PlyCount "41"]
[EventDate "2008.08.15"]
[EventType "swiss"]
[EventRounds "5"]
[EventCountry "ENG"]
[SourceTitle "EXT 2011"]
[Source "ChessBase"]
[SourceDate "2010.11.26"]
[SourceVersion "1"]
[SourceVersionDate "2010.11.26"]
[SourceQuality "1"]

1. e4 e6 2. d4 d5 3. Nd2 c5 4. Ngf3 Nf6 5. exd5 exd5 6. Bb5+ Bd7 7. Bxd7+ Nbxd7 8. 0-0 Be7 9. Re1 0-0 10. dxc5 Nxc5 11. c3 Re8 12. Nb3 Nce4 13. Bf4 Bd6 14. Bxd6 Qxd6 15. Qd4 Ng4 16. Re2 b6 17. h3 Nh6 18. Rae1 Nf5 19. Qd3 Rad8 20. Nbd2 Qf4 21. Nxe4 1-0

[Event "Margate Thanet op"]
[Site "Margate"]
[Date "2008.08.16"]
[Round "3"]
[White "Bobula, Kazimierz"]
[Black "Horton, David"]
[Result "1-0"]
[WhiteElo "1943"]
[BlackElo "1904"]
[PlyCount "91"]
[EventDate "2008.08.15"]
[EventType "swiss"]
[EventRounds "5"]
[EventCountry "ENG"]
[SourceTitle "EXT 2011"]
[Source "ChessBase"]
[SourceDate "2010.11.26"]
[SourceVersion "1"]
[SourceVersionDate "2010.11.26"]
[SourceQuality "1"]

1. d4 Nf6 2. c4 e6 3. Nf3 d5 4. g3 b6 5. Bg2 Bb7 6. 0-0 Be7 7. Nc3 0-0 8. cxd5 Nxd5 9. Re1 c5 10. e4 cxd4 11. exd5 dxc3 12. dxe6 fxe6 13. Ng5 Bxg2 14. Nxe6 Qxd1 15. Rxd1 Bf3 16. Rd3 Na6 17. Nxf8 Rxf8 18. Rxc3 Nc5 19. Bf4 Ba8 20. Re1 Bf6 21. Be5 Re8 22. f4 Bxe5 23. fxe5 Kf7 24. b4 Ne4 25. Rc7+ Re7 26. Rec1 a5 27. bxa5 bxa5 28. Rxe7+ Kxe7 29. Rc7+ Ke6 30. Ra7 Bd5 31. Rxa5 h5 32. Ra7 g5 33. a4 h4 34. gxh4 gxh4 35. Rh7 Ng5 36. Rh5 Kf5 37. Kf2 h3 38. Kg3 Bg2 39. Kh4 Kxe5 40. Rxg5+ Kd6 41. Kg3 Kc7 42. a5 Kb7 43. Rg6 Ka7 44. Kf2 Be4 45. Rh6 Bf5 46. Kg3 1-0